000 00465nam a2200181Ia 4500
008 100917s9999 xx 000 0 und d
082 _b4177
100 _aटिपणीस गो. गो.
245 _aतुकाराम
260 _b---
_c1941
300 _a299
365 _b1.5
520 _aअध्यात्म
630 _aतुकाराम
650 _aअध्यात्म
730 _aतुकाराम
942 _cBOOK
999 _c609571
_d609568